000 00509nam a2200205Ia 4500
003 OSt
005 20260423151307.0
008 211109s9999||||xx |||||||||||||| ||und||
040 _cSBCL
082 _a923.25483
_bACC-K
100 _aAccamana, C
245 0 _a1114-Nte Katha
260 _bDC Books
_aKottayam
_c1977
300 _a144p
630 _xGeneral stack
650 _aHistory & geography
650 _aBiography, genealogy, insignia
650 _vLiterature & rhetoricGeneralia
942 _cBOOK
999 _c50627
_d50627